Score 0/14 Timer 04:00
0 Plays Today
City State % Correct
ColumbusOhio
100%
MadisonWisconsin
96.4%
CharlestonSouth Carolina
96.4%
DaytonOhio
96.4%
LexingtonKentucky
96.4%
DoverDelaware
94.5%
ColumbiaSouth Carolina
89.1%
City State % Correct
BristolConnecticut
83.6%
SpringfieldMissouri
80%
GreenvilleNorth Carolina
74.5%
FranklinTennessee
60%
MilfordConnecticut
49.1%
MarionOhio
38.2%
AuburnWashington
32.7%

You're not logged in!

Compare scores with friends on all Sporcle quizzes.
OR
Log In

Sporcle TV

Today on Sporcle TV


Watch our educational content, quiz creation guides, and fun videos on Sporcle TV.

Show Comments

Extras

Top Quizzes Today


Score Distribution

Paid Content

Your Account Isn't Verified!

In order to create a playlist on Sporcle, you need to verify the email address you used during registration. Go to your Sporcle Settings to finish the process.

Report this User

Report this user for behavior that violates our Community Guidelines.

Details: